| 000 | 00392nam a2200145Ia 4500 | ||
|---|---|---|---|
| 008 | 151213s9999 xx 000 0 und d | ||
| 100 | _aNorth South University | ||
| 245 |
_a9th South Asian Management Forum _cNorth South University |
||
| 260 |
_aDhaka _bN S U _c2007 |
||
| 300 | _a7312 p. | ||
| 650 | _aProceeding | ||
| 650 | _aReference | ||
| 700 | _aNorth South University | ||
| 999 |
_c3882 _d3882 |
||